Linear differential equations with measures as coefficients and control theory /
Guardado en:
| Autor Principal: | |
|---|---|
| Formato: | Libro |
| Idioma: | English |
| Publicado: |
Katowice :
Wydawnictwo Uniwersytetu Slaskiego,
1994.
|
| Series: | Prace naukowe Uniwersytetu Slaskiego w Katowicach,
nr 1413 |
| Materias: | |
| Etiquetas: |
Agregar Etiqueta
Sin Etiquetas, Sea el primero en etiquetar este registro!
|
| LEADER | 00971nam a2200265 a 4500 | ||
|---|---|---|---|
| 001 | MAT.inmabb005019 | ||
| 008 | 950913s1994####pl#a#####b####001#0#eng## | ||
| 005 | 20170602170136.0 | ||
| 245 | 1 | 0 | |a Linear differential equations with measures as coefficients and control theory / |c Zdzislaw Wyderka. |
| 260 | |a Katowice : |b Wydawnictwo Uniwersytetu Slaskiego, |c 1994. | ||
| 300 | |a 132 p. : |b il. ; |c 24 cm. | ||
| 440 | 0 | |a Prace naukowe Uniwersytetu Slaskiego w Katowicach, |x 0208-6336 ; |v nr 1413 | |
| 546 | |a Prefacio también en polaco y ruso. | ||
| 504 | |a Incluye referencias bibliográficas (p. 126-[129]) e índice. | ||
| 510 | 4 | |a MR, |c 95j:34001 | |
| 020 | |a 8322605579 | ||
| 100 | 1 | |a Wyderka, Zdzislaw. | |
| 650 | 0 | |a Differential equations. | |
| 650 | 0 | |a Measure theory. | |
| 650 | 0 | |a Control theory. | |
| 084 | |a 34-02 (34A30 34H05 49K15 93B05) |2 msc2000 | ||
| 010 | |a 95202992 | ||
| 040 | |a DLC |c DLC | ||
| 041 | 0 | |a eng |b pol |b rus | |
| 859 | |h 34 |i W978 |p A-7103 |b BIB. MATEMATICA | ||
